ARRUPE JESUIT UNIVERSITY

CORONAVIRUS -STOP THE SPREAD - CLEAN,DISINFECT,COVER

The body : (Record no. 121874)

MARC details
000 -LEADER
fixed length control field 01170cam a2200289 a 4500
001 - CONTROL NUMBER
control field 1671294
003 - CONTROL NUMBER IDENTIFIER
control field ARRUPE
005 - DATE AND TIME OF LATEST TRANSACTION
control field 20150130105341.0
008 - FIXED-LENGTH DATA ELEMENTS--GENERAL INFORMATION
fixed length control field 980821s1999 mau b 000 0 eng
010 ## - LIBRARY OF CONGRESS CONTROL NUMBER
LC control number 98031144
020 ## - INTERNATIONAL STANDARD BOOK NUMBER
International Standard Book Number 0631211845 (alk. paper)
020 ## - INTERNATIONAL STANDARD BOOK NUMBER
International Standard Book Number 0631211853 (pbk. : alk. paper)
040 ## - CATALOGING SOURCE
Original cataloging agency DLC
Transcribing agency DLC
Modifying agency DLC
050 00 - LIBRARY OF CONGRESS CALL NUMBER
Classification number B105.B64
Item number 1999
082 00 - DEWEY DECIMAL CLASSIFICATION NUMBER
Classification number 128/.6
Edition number 21
300 ## - PHYSICAL DESCRIPTION
Dimensions 25 cm.
245 04 - TITLE STATEMENT
Title The body :
Remainder of title classic and contemporary readings /
Statement of responsibility, etc edited and introduced by Donn Welton.
260 ## - PUBLICATION, DISTRIBUTION, ETC. (IMPRINT)
Place of publication, distribution, etc Malden, Mass. :
Name of publisher, distributor, etc Blackwell,
Date of publication, distribution, etc 1999.
300 ## - PHYSICAL DESCRIPTION
Extent xi, 375 p. ;
440 #0 - SERIES STATEMENT/ADDED ENTRY--TITLE
Title Blackwell readings in Continental philosophy
9 (RLIN) 14555
504 ## - BIBLIOGRAPHY, ETC. NOTE
Bibliography, etc Includes bibliographical references.
650 #0 - SUBJECT ADDED ENTRY--TOPICAL TERM
Topical term or geographic name as entry element Human body (Philosophy)
9 (RLIN) 14556
700 1# - ADDED ENTRY--PERSONAL NAME
Personal name Welton, Donn.
9 (RLIN) 14557
856 4# - ELECTRONIC LOCATION AND ACCESS
Materials specified Table of Contents
Uniform Resource Identifier <a href="http://lcweb.loc.gov/catdir/toc/98031144.html">http://lcweb.loc.gov/catdir/toc/98031144.html</a>
906 ## - LOCAL DATA ELEMENT F, LDF (RLIN)
a 7
b cbc
c orignew
d 1
e ocip
f 19
g y-gencatlg
942 ## - ADDED ENTRY ELEMENTS (KOHA)
Source of classification or shelving scheme Library of Congress Classification
Koha item type Monograph ( Printed materials)
Holdings
Withdrawn status Lost status Source of classification or shelving scheme Damaged status Not for loan Collection code Home library Current library Shelving location Date acquired Total Checkouts Full call number Barcode Date last seen Copy number Price effective from Koha item type
    Library of Congress Classification     Main Collection ARRUPE LIBRARY ARRUPE LIBRARY Main Collection 21/01/2015   B105.B64 1999 46500003070 21/01/2015 1 21/01/2015 Monograph ( Printed materials)

 

Arrupe Library. PO Box MP320 Mt Pleasant, Harare, Zimbabwe
263 242 745411|librarian@aju.ac.zw